Представление документа в формате MARC21

Поле Инд. ПП Название Значение
Тип записи a
Библиографический уровень m
001 Контрольный номер RU/IS/BASE/123006783
005 Дата корректировки 20250516153205.3
084 a Индекс другой классификации/Индекс ББК 78.3я21; 78.30(2Рос)я21; 78.303.3я21; 78.34(2Рос)я21; 78.34(2Рос)75я21; 78.34(2Рос)к0я21; 78.36я21; 78.37я21; 78.38я21; 78.5я21; 76.1я21
090 00 a Полочн. индекс 78.3я21
x Авторский знак Б 595
245 00 a Заглавие Библиотечное дело
b Продолж. заглавия терминологический словарь
c Ответственность составители И. М. Суслова, Л. Н. Уланова; редколлегия: Н. С. Карташов, Е. А. Фенелонов, Т. А. Бахтурина [и др.]; Государственная библиотека СССР им. В. И. Ленина
250 00 a Основные сведения об издании 2-е изд., перераб. и доп.
260 00 a Место издания Москва
b Издательство Книга
c Дата издания 1986
300 00 a Объем 224 с.
336 a Термин вида содержания Текст
337 a Термин типа средства непосредственный
504 00 a Библиография Список лит.: с. 173-194. - Список аббр.: с. 195-197. - Сист. указ. терм.: с. 198-223
650 04 a Основная рубрика библиотечное дело
653 00 a Ключевые слова библиографоведение
a Ключевые слова библиотечное обслуживание
a Ключевые слова библиотечные каталоги
a Ключевые слова библиотечные понятия
a Ключевые слова библиотечные фонды
a Ключевые слова виды библиотек
a Ключевые слова информатика
a Ключевые слова книговедение
a Ключевые слова культура
a Ключевые слова организация библиотечного дела
a Ключевые слова педагогика
a Ключевые слова просвещение
a Ключевые слова психология
a Ключевые слова руководство чтением
a Ключевые слова социология
a Ключевые слова теория библиотечного дела
a Ключевые слова терминология
a Ключевые слова управление библиотекой
655 00 a Жанр/ форма (устаревшее) справочное издание; словарь терминологический
700 10 a Автор Суслова И. М.
e Роль лиц составитель
700 10 a Автор Уланова Л. Н.
e Роль лиц составитель
700 10 a Автор Карташов Н. С.
e Роль лиц редактор
700 10 a Автор Фенелонов Е. А.
e Роль лиц редактор
700 10 a Автор Бахтурина Т. А.
e Роль лиц редактор
700 10 a Автор Ванеев А. Н.
e Роль лиц редактор
700 10 a Автор Гриханов Ю. А.
e Роль лиц редактор
700 10 a Автор Коршунов О. П.
e Роль лиц редактор
700 10 a Автор Мильчин А. Э.
e Роль лиц редактор
700 10 a Автор Осипова И. П.
e Роль лиц редактор
901 t Тип документа m
952 a Тип литературы для КСУ ВШ СЛО
990 00 j Количество экземпляров (DOS) 1